LEADER 01460nam 2200409 450 001 000016294 005 20050718115600.0 010 $a0-387-94214-9 100 $a20030908d1994----km-y0itay0103----ba 101 0 $aeng 102 $aUS 200 1 $aMixing$eproperties and examples$fPaul Doukhan 210 $aNew York [etc.]$cSpringer$dc1994 215 $aXII, 142 p.$cill.$d24 cm. 225 2 $aLecture notes in statistics$v85 410 0$12001$aLecture notes in statistics 606 $aProbabilità 606 $aProcesso stocastico 676 $a519.2$v(21. ed.)$9Probabilità e matematica applicata. Probabilità 691 $a60F99$9Probability theory and stochastic processes. Limit theorems 691 $a60E99$9Probability theory and stochastic processes. Distribution theory 700 1$aDoukhan,$bPaul$0441999 801 0$aIT$bUniversità della Basilicata - B.I.A.$gRICA$2unimarc 912 $a000016294 996 $aMixing$982451 997 $aUNIBAS BAS $aMONSCI BAS $aSCIENZE CAT $aEXT003$b01$c20030908$lBAS01$h1100 CAT $aEXT003$b01$c20030908$lBAS01$h1101 CAT $c20050601$lBAS01$h1755 CAT $abatch$b01$c20050718$lBAS01$h1053 CAT $c20050718$lBAS01$h1112 CAT $c20050718$lBAS01$h1142 CAT $c20050718$lBAS01$h1156 FMT Z30 -1$lBAS01$LBAS01$mBOOK$1BASA5$ADipartimento Matematica$2GEN$BCollezione generale$3MAT$63167$5M3167$820030908$f51$FRiservati LEADER 00940cam0 22002651 450 001 SOBE00027025 005 20170419113436.0 100 $a20120723d1940 |||||ita|0103 ba 101 $aita 102 $aIT 200 1 $aD. H. Lawrence$fTarquinio Vallese 210 $aNapoli$cLoffredo$d1940-XVIII 215 $a146 p.$d20 cm 700 1$aVallese$b, Tarquinio$3A600200064682$4070$0193398 801 0$aIT$bUNISOB$c20170419$gRICA 850 $aUNISOB 852 $aUNISOB$j820$m168248 852 $aUNISOB$j820$m1725 912 $aSOBE00027025 940 $aM 102 Monografia moderna SBN 941 $aM 957 $a820$b000447$gSI$d168248$1rovito$2UNISOB$3UNISOB$420120723140325.0$520170419113436.0$6bethb$fdedica autografa dell'autore alla Sig. Prof. Pagliara, con data 2.6.1940 957 $a820$b000932$gSI$d1725$1rovito$2UNISOB$3UNISOB$420120329111625.0$520120329111638.0$6rovito 996 $aD. H. Lawrence$91716754 997 $aUNISOB